Word Accent and Vowel Duration in Standard Slovene
| Titel: | Word Accent and Vowel Duration in Standard Slovene |
|---|---|
| Verfasser: | |
| Ausgabe: | 1st, New ed. |
| Veröffentlicht: | Frankfurt a.M. : Peter Lang GmbH, 1988 |
| Umfang: | 1 Online-Ressource |
| Format: | E-Book |
| Sprache: | Deutsch |
| Schriftenreihe/ mehrbändiges Werk: |
Slavistische Beiträge ; 226 |
| RVK-Notation: | |
| ISBN: | 9783954792146 ; 9783876903958 |
alg: 44760237 001A $06055:10-04-19 001B $01999:08-11-24 $t21:38:33.000 001D $06055:10-04-19 001U $0utf8 001X $00 002@ $0Oax 002C $aText $btxt $2rdacontent 002D $aComputermedien $bc $2rdamedia 002E $aOnline-Ressource $bcr $2rdacarrier 003@ $0447602373 004A $A978-3-95479-214-6 004O $A978-3-87690-395-8 $Sp 004P $010.3726/b12733 $S0 007A $0447602373 $aHEB 007I $0PL-9783954792146 009Q $S0 $uhttps://www.peterlang.com/view/product/86777?format=EPDF $xH 010@ $ager 011@ $a1988 017B $aZDB-114-LAC 017B $aZDB-114-LOA 021A $aWord Accent and Vowel Duration in Standard Slovene 028A $BVerfasser $#Rejec, Tatjana S.- $4aut $D20231015 $Ecgwrk $7115722864X $8Srebot-Rejec, Tatjana [Tp6] $9429110669 032@ $a1st, New ed. 033A $pFrankfurt a.M. $nPeter Lang GmbH 034D $a1 Online-Ressource 036E $aSlavistische Beiträge $l226 044A $aFOR024000 $2bisacsh $N650 044K $qDNB $RSüdslawische Sprachen $#Slovenian language $#Slovène (langue) $#Lingua slovena $#Slowenisch $#Windisch Sprache $#Slovenisch $74120336-7 $8Slowenisch [Ts1] $9085383708 044K $qDNB $RAkzent $#Lexikalischer Akzent $#Wortbetonung $74079387-4 $8Wortakzent [Ts1] $9085225711 044K $qDNB $RLaut $#Vowels $#Voyelles $#Vocali $#Vocales $#Selbstlaut $#Vokalismus $#Vokalsystem $74063778-5 $8Vokal [Ts1] $908517873X 044K $qDNB $#Duration (Phonetics) $#Quantité (linguistique) $#Quantität Linguistik $#Lautdauer $#Länge Phonetik $#Phonetische Dauer $74166949-6 $8Lautquantität [Ts1] $9085752606 045E $a57 045Z $8KX 1141 [Tkv] $9409390887 047A $aSacherschließung maschinell aus paralleler Ausg. übernommen 047I $aIn der Reihe Slavistische Beiträge werden vor allem slavistische Dissertationen des deutschsprachigen Raums sowie vereinzelt auch amerikanische, englische und russische publiziert. Darüber hinaus stellt die Reihe ein Forum für Sammelbände und Monographien etablierter Wissenschafter/innen dar. lok: 44760237 3 101B $015-04-19 $t13:32:55.000 101C $015-04-19 101U $0utf8 145S/01 $a036 exp: 44760237 3 1 #EPN 201B/01 $010-04-19 $t22:42:17.128 201C/01 $010-04-19 201U/01 $0utf8 203@/01 $01050014405 204P/01 $010.3726/b12733 $S0 208@/01 $a10-04-19 $bl lok: 44760237 5 exp: 44760237 5 1 #EPN 201B/01 $018-03-22 $t18:21:00.622 201C/01 $018-03-22 201U/01 $0utf8 203@/01 $0118627476X 204P/01 $010.3726/b12733 $S0 208@/01 $a18-03-22 $bl lok: 44760237 8 exp: 44760237 8 1 #EPN 201B/01 $010-04-19 $t22:42:17.132 201C/01 $010-04-19 201U/01 $0utf8 203@/01 $01050014413 204P/01 $010.3726/b12733 $S0 208@/01 $a10-04-19 $bl lok: 44760237 11 exp: 44760237 11 1 #EPN 201B/01 $018-05-19 $t22:44:47.888 201C/01 $018-05-19 201U/01 $0utf8 203@/01 $01051555132 204P/01 $010.3726/b12733 $S0 208@/01 $a18-05-19 $bl lok: 44760237 20 exp: 44760237 20 1 #EPN 201B/01 $010-04-19 $t22:42:17.140 201C/01 $010-04-19 201U/01 $0utf8 203@/01 $0105001443X 204P/01 $010.3726/b12733 $S0 208@/01 $a10-04-19 $bl lok: 44760237 21 exp: 44760237 21 1 #EPN 201B/01 $010-04-19 $t22:42:17.143 201C/01 $010-04-19 201U/01 $0utf8 203@/01 $01050014448 204P/01 $010.3726/b12733 $S0 208@/01 $a10-04-19 $bl lok: 44760237 23 exp: 44760237 23 1 #EPN 201B/01 $010-04-19 $t22:42:17.147 201C/01 $010-04-19 201U/01 $0utf8 203@/01 $01050014456 204P/01 $010.3726/b12733 $S0 208@/01 $a10-04-19 $bl lok: 44760237 24 exp: 44760237 24 1 #EPN 201B/01 $018-05-19 $t22:44:47.892 201C/01 $018-05-19 201U/01 $0utf8 203@/01 $01051555140 204P/01 $010.3726/b12733 $S0 208@/01 $a18-05-19 $bl lok: 44760237 25 exp: 44760237 25 1 #EPN 201B/01 $010-04-19 $t22:42:17.150 201C/01 $010-04-19 201U/01 $0utf8 203@/01 $01050014464 204P/01 $010.3726/b12733 $S0 208@/01 $a10-04-19 $bl lok: 44760237 204 exp: 44760237 204 1 #EPN 201B/01 $010-04-19 $t22:42:17.154 201C/01 $010-04-19 201U/01 $0utf8 203@/01 $01050014472 204P/01 $010.3726/b12733 $S0 208@/01 $a10-04-19 $bl lok: 44760237 205 exp: 44760237 205 1 #EPN 201B/01 $010-04-19 $t22:42:17.158 201C/01 $010-04-19 201U/01 $0utf8 203@/01 $01050014480 204P/01 $010.3726/b12733 $S0 208@/01 $a10-04-19 $bl
| LEADER | 00000cam a22000002c 4500 | ||
|---|---|---|---|
| 001 | 447602373 | ||
| 003 | DE-603 | ||
| 005 | 20241108213833.0 | ||
| 007 | cr|||||||||||| | ||
| 008 | 190410s1988 xx |||| o| u00||u|ger c | ||
| 020 | |a 9783954792146 | ||
| 024 | 7 | |a 10.3726/b12733 |2 doi | |
| 035 | |a (DE-599)HEB447602373 | ||
| 040 | |a DE-603 |b ger |c DE-603 |d DE-603 | ||
| 041 | |a ger | ||
| 084 | |a 57 |q DE-101 |2 sdnb | ||
| 084 | |a KX 1141 |0 (DE-625)87707: |0 (DE-603)409390887 |2 rvk | ||
| 100 | 1 | |a Srebot-Rejec, Tatjana |e Verfasser |4 aut |0 (DE-603)429110669 |0 (DE-588)115722864X |2 gnd | |
| 245 | 0 | 0 | |a Word Accent and Vowel Duration in Standard Slovene |
| 250 | |a 1st, New ed. | ||
| 264 | 1 | |a Frankfurt a.M. |b Peter Lang GmbH |c 1988 | |
| 300 | |a 1 Online-Ressource | ||
| 336 | |a Text |b txt |2 rdacontent | ||
| 337 | |a Computermedien |b c |2 rdamedia | ||
| 338 | |a Online-Ressource |b cr |2 rdacarrier | ||
| 490 | 0 | |a Slavistische Beiträge |v 226 | |
| 520 | |a In der Reihe Slavistische Beiträge werden vor allem slavistische Dissertationen des deutschsprachigen Raums sowie vereinzelt auch amerikanische, englische und russische publiziert. Darüber hinaus stellt die Reihe ein Forum für Sammelbände und Monographien etablierter Wissenschafter/innen dar. | ||
| 650 | 7 | |a Slowenisch |0 (DE-588)4120336-7 |0 (DE-603)085383708 |2 gnd | |
| 650 | 7 | |a Wortakzent |0 (DE-588)4079387-4 |0 (DE-603)085225711 |2 gnd | |
| 650 | 7 | |a Vokal |0 (DE-588)4063778-5 |0 (DE-603)08517873X |2 gnd | |
| 650 | 7 | |a Lautquantität |0 (DE-588)4166949-6 |0 (DE-603)085752606 |2 gnd | |
| 776 | 1 | |z 9783876903958 | |
| 856 | |u https://www.peterlang.com/view/product/86777?format=EPDF |x Verlag |z kostenfrei | ||
| 912 | |a ZDB-114-LAC | ||
| 924 | 1 | |9 603 |a (DE-603)1050014405 |b DE-603 |c HES |d d | |
| 924 | 1 | |9 603 |a (DE-603)118627476X |b DE-603 |c HES |d d | |
| 924 | 1 | |9 603 |a (DE-603)1050014413 |b DE-603 |c HES |d d | |
| 924 | 1 | |9 603 |a (DE-603)1051555132 |b DE-603 |c HES |d d | |
| 924 | 1 | |9 603 |a (DE-603)105001443X |b DE-603 |c HES |d d | |
| 924 | 1 | |9 603 |a (DE-603)1050014448 |b DE-603 |c HES |d d | |
| 924 | 1 | |9 603 |a (DE-603)1050014456 |b DE-603 |c HES |d d | |
| 924 | 1 | |9 603 |a (DE-603)1051555140 |b DE-603 |c HES |d d | |
| 924 | 1 | |9 603 |a (DE-603)1050014464 |b DE-603 |c HES |d d | |
| 924 | 1 | |9 603 |a (DE-603)1050014472 |b DE-603 |c HES |d d | |
| 924 | 1 | |9 603 |a (DE-603)1050014480 |b DE-603 |c HES |d d | |


